00877nam a22001937a 4500003000400000008004100004020001800045082001600063100001900079245014000098260007400238300001600312650009700328700002000425700002000445942001200465999001700477952018900494OSt260629b |||||||| |||| 00| 0 eng d a9788119105403 a640.7bS61R aSingh, Suman  aResource Management (RM:ASSET) Advancements & Strategies for Education and Transformation / by Suman Singh, Sapna Dinesh, Roopa R. Rao aNew Delhi: bInternational Books & Periodicals Supply Service, c2024 axix, 512 p. aHome Economics and Family Living | Technology (Applied sciences) | Home Economics | Teaching aDinesh, Sapna  a Rao, Roopa R.  2ddccBK c52440d52440 00102ddc4070aRAUbRAUcGENd2026-06-29eInternational Books & Periodicals Supply Service, g4950.00l0o640.7 S61Rp87170r2026-06-29w2026-01-28yBKkInvoice No. IBPS/021/2025-26